00771nam a2200241 a 4500008004100000020003000041040001500071100002800086245004500114250001900159260003300178300004900211336002600260337002800286338002700314500002000341504004100361650002800402650003000430650005100460003000100511005001700512  a9781483378343 (paperback) aNUSTcNUST1 aLevi, Daniel.,aauthor. 0aGroup dynamics for teams/c Daniel Levi. aFifth edition. aLos Angeles :bSAGE, c2017. axxviii, 430 pages :billustrations ;c23 cm. atextbtxt2rdacontent aunmediatedbn2rdamedia avolumebnc2rdacarrier aIncludes index. aIncludes bibliographical references. 1aTeams in the workplace. aOrganizational behaviour. aTeams in the workplacexPsychological aspects.20230123141242.0